• 首页
  • 本馆介绍
  • 公告通知
  • 最新文献
  • 馆藏检索
  • 电子资源
  • 读者导购
  • 参考咨询
  • 我的图书馆
  • 登录
  • 详细信息显示
  • 放入我的书架
  • 预约/预借图书
  • 作者相关作品
  • 分类相关作品
  • 丛书相关作品
  • 出版社相关作品

书目信息

  • 表格格式
  • 工作单格式
  • 卡片格式
题名:
能源宝库的明珠
    
 
作者: 高至 , 里天 编著
分册:  
出版信息: 北京   原子能出版社  1981
页数: 117页
开本: 19cm
丛书名:
单 册:
中图分类: TM61
科图分类:
主题词: 发电--各种 , 核能发电--普及读物
电子资源:
ISBN:
000 00763nam0 2200265 45
001 0181003841
005 20060308161725.35
010    @dCNY0.42
091    @a15175.325
100    @a19950422d1981 em y0chiy0121 ea
101 0  @achi
102    @aCN@b110000
105    @ay z 000yy
200 10 @a能源宝库的明珠@Aneng yuan bao ku de ming zhu@e核能发电浅谈@f里天,高至编著@Fli tian,gao zhi bian zhu
210    @a北京@c原子能出版社@d1981
215    @a117页@d19cm
517 1  @a核能发电浅谈@Ahe neng fa dian qian tan
606 0  @a发电@x各种
606    @a核能发电@x普及读物
690    @aTM61
701  0 @a高至@Agao zhi@4编著
701  0 @a里天@Ali tian@4编著
801  0 @aCN@b上海图书馆@c20060308
801  2 @aCN@bNLC@c20051123
905    @f1@b55189@dTM61@e3
    
    能源宝库的明珠:核能发电浅谈/里天,高至编著.-北京:原子能出版社,1981
    117页;19cm
    
    
    ISBN :CNY0.42
    
●
相关链接 在E读中查询图书 在五车中查询图书 在当当中查询图书 在豆瓣中查询图书


正题名:能源宝库的明珠     索取号:TM61/3         预约/预借

序号 登录号 条形码 馆藏地/架位号 状态 备注
1 0055188   202149219   密集书库/ [索取号:TM61/3] 在馆    
2 0055189   001345075   第二样本阅览室/ [索取号:TM61/3] 在馆    
3 0055190   202190538   密集书库/ [索取号:TM61/3] 在馆    
唐山师范学院图书馆 欢迎您!
大连网信软件有限公司© 版权所有